000 00493cam a2200205ua 4500
001 400
005 20260515113147.0
008 110331n ii |||gr||||Z||||||asm
020 _a81-7339-177-7
040 _cMAIN
082 _a320.5
245 1 _aRajnaitik tattwa
_cby Purandar Gogoi
250 _a9th.
260 _aDibrugarh:
_bBanalata,998.
300 _a432p:
_c20cm.
653 _aPolitical science
653 _aRajnaitik tattwa
700 _aGogoi, Purandar.,
_eAuthor.
942 _cBK
999 _c345
_d345